Countries by largest trade surplus and deficit - Statistics

General Stats
  • This quiz has been taken 60 times
  • The average score is 31 of 40
Answer Stats
# Trade Surplus (Million) Answer % Correct
2 -106,700 United Kingdom
100%
1 -466,200 United States
100%
3 164,900 China
98%
2 195,400 Japan
98%
7 -32,270 Australia
96%
10 -18,830 Mexico
96%
4 -49,260 Canada
94%
6 -36,770 France
94%
1 296,600 Germany
94%
8 -30,790 Argentina
93%
16 -9,762 Brazil
93%
12 40,250 Russia
93%
14 21,700 Spain
93%
3 -51,210 India
89%
9 56,070 Italy
89%
6 78,460 South Korea
89%
17 18,230 Saudi Arabia
87%
11 -17,290 Indonesia
85%
16 18,400 Iran
83%
4 80,880 Netherlands
83%
18 17,630 United Arab Emirates
83%
15 -10,360 Colombia
81%
14 -12,440 Pakistan
81%
18 -7,912 South Africa
81%
10 49,280 Thailand
81%
5 -47,100 Turkey
81%
8 60,990 Singapore
80%
19 17,010 Sweden
80%
5 80,110 Taiwan
78%
12 -15,380 Egypt
74%
15 20,340 Norway
74%
7 63,210 Switzerland
74%
11 41,880 Ireland
59%
13 24,600 Denmark
57%
17 -8,557 Oman
50%
19 -7,298 Romania
50%
9 -21,940 Algeria
48%
20 -6,551 Ethiopia
39%
13 -12,880 Lebanon
22%
20 15,160 Macau
11%
No matching quizzes found
Score Distribution
Percent of People with Each Score
Percentile by Number Answered
Your Score History
You have not taken this quiz